Εισαγωγή στην κλασσική φιλολογία
Saved in:
| Main Author: | |
|---|---|
| Format: | Book |
| Language: | Greek |
| Published: |
Αθήναι :
1992
|
| Subjects: | |
| Tags: |
Add Tag
No Tags, Be the first to tag this record!
|
MARC
| LEADER | 00000nam a2200000 i 4500 | ||
|---|---|---|---|
| 001 | 1/100129 | ||
| 008 | 950413s1992 gre d | ||
| 035 | |l 10011579 | ||
| 040 | |a GR-MY-UA |b gre |e aacr | ||
| 041 | 0 | |a gre | |
| 082 | 0 | |a 880 | |
| 100 | 1 | |a Παπανικολάου, Αντώνιος Δ. | |
| 245 | 1 | 0 | |a Εισαγωγή στην κλασσική φιλολογία / |c Αντωνίου Δημ. Παπανικολάου |
| 260 | |a Αθήναι : |c 1992 | ||
| 300 | |a 119 σ. | ||
| 650 | 0 | 0 | |a Classical philology. |
| 650 | 0 | 0 | |a Classical literature. |
| 650 | 0 | 0 | |a Literature, Ancient. |
| 852 | |a INST |b LESVOS |e 19950413 |h 880 ΠΑΠ |p 005100001662 |q 005100001662 |t BK |y 0 | ||
| 909 | |a Λ |b 033096 | ||